Logo BPK

Biblioteka

Politechniki Koszalińskiej

Motywacyjne problemy zarządzania : (Rekord nr 21627)

Szczegóły MARC
000 -ETYKIETA REKORDU
podpole kontrolne o stałej długości 00425nam a2200145 i 4500
001 - NUMER KONTROLNY REKORDU
pole kontrolne bg
040 ## - ŹRÓDŁO KATALOGOWANIA
Instytucja, która utworzyła rekord BPK
041 ## - KOD JĘZYKA
Kod języka tekstu pol
080 ## - UNIWERSALNA KLASYFIKACJA DZIESIĘTNA - UKD
UKD 65.012.4:159.94
008 - POLE O STAŁEJ DŁUGOŚCI - DANE KONTROLNE
podpole kontrolne o stałej długości s pl f |000 0 pol
100 1# - NAZWA OSOBOWA
Nazwa osobowa CZARNIAWSKA, Barbara
245 #0 - TYTUŁ/ODPOWIEDZIALNOŚĆ
Tytuł Motywacyjne problemy zarządzania :
Ciąg dalszy tytułu psychologiczne aspekty kierowania działalnością gospodarczą /
Pozostałe elementy strefy tytułu i oznaczenia odpowiedzialności Barbara Czarniawska.
260 ## - STREFA ADRESU WYDAWNICZEGO
Miejsce wydania Warszawa,
Data publikacji, dystrybucji/powstania dokumentu 1980.
856 ## - LOKALIZACJA I DOSTĘP DO ELEKTRONICZNYCH DOKUMENTÓW ZDALNYCH
Link (URL) http://koha.tu.koszalin.pl/cgi-bin/koha/opac-detail.pl?biblionumber=21627
Tekst linku Katalog online BPK
942 ## - DODATKOWE ELEMENTY (KOHA)
Typ dokumentu Książka
Egzemplarze
Wycofany Status egzemplarza Uszkodzony Dostępność Lokalizacja stała Lokalizacja bieżąca Numer ubytku Sygnatura Kod kreskowy Typ dokumentu Ostatnio wypożyczono Miejsce przechowywania
  Egz. niedostępny   Niedostępny Biblioteka Politechniki Koszalińskiej Biblioteka Politechniki Koszalińskiej 12349 30417 02072159 Książka    
  Egz. niedostępny   Niedostępny Biblioteka Politechniki Koszalińskiej Biblioteka Politechniki Koszalińskiej 7931 30418 01442281 Książka 11.06.2015  
      Dostępny Biblioteka Politechniki Koszalińskiej Biblioteka Politechniki Koszalińskiej   30426 02072142 Książka   Wypożyczalnia BG
      Dostępny Biblioteka Politechniki Koszalińskiej Biblioteka Politechniki Koszalińskiej   30427 01569834 Książka 20.03.2015 Wypożyczalnia BG
© 2023 Biblioteka Politechniki Koszalińskiej :: KOHA